El arbitraje comercial internacional en Iberoamérica : marco legal y jurisprudencia /
Guardado en:
| Otros Autores: | , , , |
|---|---|
| Formato: | Libro |
| Idioma: | Spanish |
| Publicado: |
Bogotá :
Legis,
2009.
|
| Materias: | |
| Etiquetas: |
Agregar Etiqueta
Sin Etiquetas, Sea el primero en etiquetar este registro!
|
| LEADER | 00772nam a22001935a 4500 | ||
|---|---|---|---|
| 001 | DER.der011279 | ||
| 008 | 180615s2009####ck#||||||||||||||#||spa|| | ||
| 005 | 20251209173311.0 | ||
| 245 | 1 | 0 | |a El arbitraje comercial internacional en Iberoamérica : |b marco legal y jurisprudencia / |c coordinado por Cristian Conejero Roos, Antonio Hierro Hernández-Mora, Valeria Macchia. |
| 260 | |a Bogotá : |b Legis, |c 2009. | ||
| 300 | |a 1217 p. | ||
| 020 | |a 9789586538022 | ||
| 700 | 1 | |a Conejero Roos, Cristian, |e coord. | |
| 700 | 1 | |a Hierro Hernandez-Mora, Antonio, |e coord. | |
| 700 | 1 | |a Macchia, Valeria, |e coord. | |
| 700 | 1 | |a Soto Coaguila, Carlos, |e coord. | |
| 650 | 7 | |a ARBITRAJE COMERCIAL INTERNACIONAL | |
| 650 | 7 | |a DERECHO INTERNACIONAL PRIVADO | |
| 859 | |a DERECHO |b BIB. DERECHO |h 341.522 |i ARB |p 006658 | ||
